|
|
|
|
| LEADER |
00000nam0a2200000 4500 |
| 001 |
199475 |
| 005 |
20231101224903.0 |
| 035 |
|
|
|a (RuTPU)RU\TPU\book\217506
|
| 090 |
|
|
|a 199475
|
| 100 |
|
|
|a 20110809d2010 m y0rusy50 ca
|
| 101 |
0 |
|
|a rus
|
| 102 |
|
|
|a RU
|
| 105 |
|
|
|a a j 001zy
|
| 200 |
1 |
|
|a Применение пакета Mathcad
|e сборник учебно-методических материалов к лабораторным работам по информатике
|f Е. А. Тунда
|g Национальный исследовательский Томский политехнический университет (ТПУ)
|
| 210 |
|
|
|a Москва
|c Изд-во ТПУ
|d 2010
|
| 215 |
|
|
|a 44 с.
|c ил.
|
| 320 |
|
|
|a Библиогр.: с. 43.
|
| 330 |
|
|
|a Материал пособия представлен схемами, таблицами, краткими пояснениями. В пособии приведены примеры и типовые математические задачи. Некоторые примеры можно использовать как упражнения для тренировки и проверки правильности действий с числами, переменными, выражениями, интегралами, дифференциалами, пределами, графиками функций. Представленный список литературы рекомендуется студенту для решения прикладных задач с использованием пакета Mathcad. Предназначено для студентов 1-го курса кафедры ФМПК направления «Приборостроение», также может быть полезно студентам, преподавателям, применяющим Mathcad.
|
| 606 |
1 |
|
|a Система Mathcad
|2 stltpush
|3 (RuTPU)RU\TPU\subj\54957
|9 73030
|
| 610 |
1 |
|
|a информатика
|
| 610 |
1 |
|
|a математические пакеты
|
| 610 |
1 |
|
|a применение
|
| 610 |
1 |
|
|a переменные
|
| 610 |
1 |
|
|a константы
|
| 610 |
1 |
|
|a выражения
|
| 610 |
1 |
|
|a вычисление
|
| 610 |
1 |
|
|a матрицы
|
| 610 |
1 |
|
|a векторы
|
| 610 |
1 |
|
|a числовые последовательности
|
| 610 |
1 |
|
|a числовые функции
|
| 610 |
1 |
|
|a пределы
|
| 610 |
1 |
|
|a ряды
|
| 610 |
1 |
|
|a функции одной переменной
|
| 610 |
1 |
|
|a дифференцирование
|
| 610 |
1 |
|
|a интегрирование
|
| 610 |
1 |
|
|a уравнения
|
| 610 |
1 |
|
|a системы уравнений
|
| 610 |
1 |
|
|a графики функций
|
| 610 |
1 |
|
|a построение
|
| 610 |
1 |
|
|a лабораторные работы
|
| 610 |
1 |
|
|a учебные пособия
|
| 610 |
1 |
|
|a труды учёных ТПУ
|
| 675 |
|
|
|a 681.3.066(076.5)
|v 3
|
| 700 |
|
1 |
|a Тунда
|b Е. А.
|c специалист в области физических методов и приборов контроля качества
|c старший преподаватель Томского политехнического университета
|g Елена Александровна
|2 stltpush
|3 (RuTPU)RU\TPU\pers\26841
|
| 712 |
0 |
2 |
|a Национальный исследовательский Томский политехнический университет (ТПУ)
|c (2009- )
|2 stltpush
|3 (RuTPU)RU\TPU\col\15902
|
| 801 |
|
1 |
|a RU
|b 63413507
|c 20110809
|
| 801 |
|
2 |
|a RU
|b 63413507
|c 20201124
|g RCR
|
| 942 |
|
|
|c BK
|